LEADER 01087nam0-2200325---450- 001 990009298130403321 005 20101216165614.0 010 $a978-88-568-2591-6 035 $a000929813 035 $aFED01000929813 035 $a(Aleph)000929813FED01 035 $a000929813 100 $a20101215d2010----km-y0itay50------ba 101 0 $aita 102 $aIT 105 $a--------001cy 200 1 $aScuola-famiglia tra continuità e cambiamenti$eriflessioni sul percorso educativo scolastico per prevenire il disagio socio-relazionale$fa cura di Carla Maria Ronci ... [et al.]$gpresentazione di Francesco de Sanctis 210 $aMilano$cFrancoAngeli$d2010 215 $a214 p.$cfig., tab.$d24 cm 225 1 $aPercorsi di ricerca$v11 610 0 $aScuola$aRelazione con i genitori 676 $a371.192$v22$zita 702 1$aRonci,$bCarla Maria 801 0$aIT$bUNINA$gRICA$2UNIMARC 901 $aBK 912 $a990009298130403321 952 $a371.192 RON 1$b4985$fBFS 959 $aBFS 996 $aScuola-famiglia tra continuità e cambiamenti$9770528 997 $aUNINA LEADER 01056nam0-22003371i-450 001 990001883730403321 005 20210430124505.0 010 $a92-5-201427-6 035 $a000188373 035 $aFED01000188373 035 $a(Aleph)000188373FED01 035 $a000188373 100 $a20021010d1987----km-y0itay50------ba 101 0 $afre 102 $aIT 105 $aa p 001yy 200 1 $a<>amélioration de la commercialisation dans le monde en développement$esituation et expériences vécues$fJ.C. Abbott$gFAO. 210 $aRoma$cFAO$d1987. 215 $aXI, 252 p.$cill.$d21 cm 225 1 $aCollection FAO: Développement économique et social$v37 610 0 $aSviluppo economico 676 $a338.9 700 1$aAbbott,$bJohn Cave$f<1919- >$068572 801 0$aIT$bUNINA$gRICA$2UNIMARC 901 $aBK 912 $a990001883730403321 952 $a60 COLL. FAO 27/037$fFAGBC 959 $aFAGBC 996 $aAmelioration de la commercialisation dans le monde en developpement$9403592 997 $aUNINA DB $aING01